00852nam a22002297a 4500003000400000005001700004008004100021040000900062245007200071260003100143260004500174300001000219500004800229500010300277610003800380650002900418650002700447710002600474942001300500999001500513952009400528OSt20130521160221.0130424s2005 sp ||||| |||| 00| 0 spa d cCDMR10aTrazosb: un siglo de ilustración y buen humor en Mundo Deportivo aBarcelonabMundo Deportivo aMadridbObra social Caja MadridcDL 2005 a95 p. aA la portada: 100 Mundo Deportivo 1906 2006 aCatàleg de l'exposició celebrada al Espai Cultural de l'Obra Social de Caja Madrid a Barcelona2 92149aMundo DeportivoxHistòria0493084aHumorisme gràfic0491696aPremsa esportiva2 92149aMundo Deportivo 2udccMON c6126d6126 00104070aCDMRbCDMRd2013-01-16l0oDi 5/32pCDMR13046258r2013-04-24w2013-04-24yMON